Statistics for Avengers: Endgame Cast and Characters

Click here to take the quiz!

General Stats

  • This quiz has been taken 329 times
    (287 since last reset)
  • The average score is 42 of 67

Answer Stats

Actor:Characters:% Correct
Robert Downy Jr.Iron Man
100%
Chris EvansCaptain America
100%
Mark RuffaloHulk
100%
Scarlett JohanssonBlack Widow
99%
Chris HemsworthThor
99%
Michael DouglasHank Pym
98%
Jeremy RennerHawkeye/Ronin
97%
Paul RuddAnt-Man
97%
Benedict CumberbatchDoctor Strange
97%
Tom HollandSpider-Man
97%
Chadwick BosemanBlack Panther
96%
Brie LarsonCaptain Marvel
96%
Zoe SaldanaGamora
94%
Vin Diesel (Voice)Groot
92%
Tom HiddlestonLoki
92%
Elizabeth OlsenScarlet Witch
92%
Don CheadleWar Machine
92%
Bradley Cooper (Voice) | Sean Gun (On-set)Rocket
91%
Karen GillanNebula
91%
Dave BautistaDrax
90%
Sebastian StanWinter Soldier
90%
Chris PrattStar-Lord
90%
Samuel L. JacksonNick Fury
89%
Josh BrolinThanos
88%
Anthony MackieFalcon
88%
Benedict WongWong
84%
Pom KlementieffMantis
82%
Gwyneth PaltrowPepper Potts
82%
Tessa ThompsonValkyrie
74%
Letitia WrightShuri
72%
Evangeline LillyHope Van Dyne
69%
Danai GuriraOkoye
68%
Cobie SmuldersMaria Hill
67%
Natalie PortmanJane Foster
63%
Stan LeeDriver
62%
Taika Waititi (Voice)Korg
61%
Jon FavreauHappy Hogan
61%
Hayley AtwellPeggy Carter
58%
Tilda SwintonAncient One
55%
Marisa TomeiAunt May
52%
Winston DukeM'Baku
50%
Rene RussoFrigga
44%
John SlatteryHoward Stark
42%
Michelle PfeifferJanet Van Dyne
42%
Tom Vaughan-LawlorEbony Maw
40%
Jacob BatalonNed
38%
Frank GrilloCross-Bones
38%
Robert RedfordAlexander Pierce
34%
Carrie Coon (Voice)Proxima Midnight
34%
Alexandra Rachel RabeMorgan Stark
34%
Ross MarquandRed Skull
34%
James D'ArcyJarvis
32%
Sean GunnKraglin
31%
Michael James ShawCorvus Glaive
31%
Terry NotaryCull Obsidian
31%
Linda CardelliniLaura Barton
28%
William HurtThaddeus Ross
27%
Kerry Condon (Voice)Friday
25%
Ty SimpkinsHarley Keener
22%
Emma FuhrmannCassie Lang
22%
Angela BassettRamonda
19%
Maximiliano HernandezAgent Sitwell
17%
Cade WoodwardLila Barton
16%
Ava RussoNathaniel Barton
15%
Hiroyuki SanadaAkihiko
14%
Ben SakamotoCooper Barton
12%

Score Distribution

Percentile by Number Answered

Percent of People with Each Score

Your Score History

You have not taken this quiz since the last reset